Ricostruisci la Carriera del Calciatore - Federico Baschirotto - Statistics

Statistiche generali
  • Questo quiz è stato fatto 11 volte
  • Il punteggio medio è 2 su 9
Statistiche sulle risposte
Hint Risposta % Corretto
2022- Lecce
83%
2014-2015 Cremonese
33%
2018-2019 Vigor Carpaneto
33%
2017-2018 Cuneo
17%
2016-2017 Forlì
17%
2015-2016 Seregno
17%
2021-2022 Ascoli
0%
2013-2014 Legnago
0%
2019-2021 Viterbese
0%
Nessun quiz corrispondente trovato
Distribuzione punteggi
Percentuale di utenti per punteggio
Percentile per numero di risposta
I tuoi punteggi nel tempo
Non hai fatto questo quiz